000 00436nam a2200157 i 4500
001 bg
100 1 _aBJORKEN, James D.
245 0 _aReljativistskaja kvantovaja teorija.
_nT. 2,
_pReljativistskie kvanotovye polja /
_cJames D. Bjorken, Sidney D. Drell.
260 _aMoskva,
_c1978.
700 1 _aDRELL, Sidney D.
040 _cBPK
041 _apol
080 _a530.145
942 _cKS
008 s pl f |000 0 pol
999 _c47194
_d47194
856 _uhttp://koha.tu.koszalin.pl/cgi-bin/koha/opac-detail.pl?biblionumber=47194
_yKatalog online BPK